|
|
|
|
| LEADER |
01672cas a2200241 a 4500 |
| 001 |
AALejournalIMF007481 |
| 008 |
230101c9999 xx r poo 0 0eng d |
| 020 |
|
|
|c 5.00 USD
|
| 020 |
|
|
|z 9781451846072
|
| 022 |
|
|
|a 1018-5941
|
| 040 |
|
|
|a BD-DhAAL
|c BD-DhAAL
|
| 100 |
1 |
|
|a Cardoso, Eliane.
|
| 245 |
1 |
0 |
|a Virtual Deficits and the Patinkin Effect /
|c Eliane Cardoso.
|
| 264 |
|
1 |
|a Washington, D.C. :
|b International Monetary Fund,
|c 1998.
|
| 300 |
|
|
|a 1 online resource (40 pages)
|
| 490 |
1 |
|
|a IMF Working Papers
|
| 500 |
|
|
|a <strong>Off-Campus Access:</strong> No User ID or Password Required
|
| 500 |
|
|
|a <strong>On-Campus Access:</strong> No User ID or Password Required
|
| 506 |
|
|
|a Electronic access restricted to authorized BRAC University faculty, staff and students
|
| 520 |
3 |
|
|a The paper develops a model of inflationary finance that defines the fiscal deficit as a function of the virtual deficit-a deficit that would be observed if inflation were zero. It studies the negative relationship between the inflation rate and real government expenditures-the Patinkin effect. The model outperforms others in explaining four-digit inflation rates that never explode into hyperinflation. It also explains how apparently expansionist fiscal policies end in real deficits that are small and compatible with the small amount of seigniorage that can be collected at high inflation rates. Finally, it applies the model to the case of Brazil.
|
| 538 |
|
|
|a Mode of access: Internet
|
| 830 |
|
0 |
|a IMF Working Papers; Working Paper ;
|v No. 1998/041
|
| 856 |
4 |
0 |
|z Full text available on IMF
|u http://elibrary.imf.org/view/journals/001/1998/041/001.1998.issue-041-en.xml
|z IMF e-Library
|